00925nam a22002657a 4500003000600000005001700006008004100023010001200064020001500076040000700091050002300098245009300121260004000214300002600254440003800280504003600318650004000354650003900394700003400433700003200467700004000499700003900539700004000578700004100618AUA.120250929174922.0111220t xxu||||| |||| 00| 0 eng d a8171768 a0849908256 cFF aBS491.2b.W67 2004 aWord Biblical commentary :bSong of songs : Lamentations /cDuane Garret; Paul R. House. aNashville :bThomas Nelson,cc2004. axiv, 478 p. :c24 cm. aWord Biblical commentary :nv.23B aInclude bibliography and index. vSong of Songs xBibleyCommentaries v LamentationsxBibleyCommentaries aGarrett, DuaneeSong of Songs aHouse, Paul ReLamentations aWatts, John D.W.4Old Testament ed. aWatts, James W.4Old Testament ed. aMartin, Ralph P.4New Testament ed. aLosie, Lynn Allan4New Testament ed.